000 00799nam a2200301 i 4500
003 peliumch
005 20260120111538.0
007 ta
008 260114b1987 |||||||gr|||| 00| 0 spa d
020 _a8420515833
040 _aUMCH
_bspa
_cUMCH
_djmr
_erda
041 0 _aspa
043 _as-pe---
082 _a170/S38
100 1 _aSatué, Manuel
_eautor
245 _a¿Qué sabes de ética?
_cSatué, Manuel
250 _aPrimera edición.
264 _aMadrid :
_bAlhambra.
_c1987
300 _a147 páginas ;
_c23 cm.
521 _aRecomendado para un público general.
650 1 2 _aÈtica
650 2 4 _aEnsenyament
942 _2ddc
_cLIB
_n0
999 _c53574
_d53574